=LDR 00000nam 2200000 4500 =001 INLIS000000000043528 =005 20131008103409 =008 ***********************************ind** =035 ##$$0010-101300000001450 =041 ##$$a ind =082 ##$$a 2X4.1 =090 ##$$a 2X4.1, Bak i =100 ##$$a BAKHTIAR, Imam =245 ##$$a Ibadah haji, Sebuah catatan perjalanan spiritual, Imam Bakhtiar =260 ##$$a 2005 $b Mataram =300 ##$$a vi, 122 hlm, 21 cm =650 ##$$a IBADAH HAJI =850 ##$$a NBPNMAT =990 ##$$a 0001/BPAP-NTB/20142014 =990 ##$$a 0001/BPAP-NTB/2016